| 000 -ლიდერი |
| ფიქსირებული სიგრძის საკონტროლო ველი |
01852nam a2200253Ia 4500 |
| 001 - საკონტროლო ნომერი |
| საკონტროლო ველი |
20230 |
| 003 - საკონტროლო ნომრის იდენტიფიკატორი |
| საკონტროლო ველი |
GE_BSU |
| 005 - ბოლო ოპერაციის თარიღი და დრო |
| საკონტროლო ველი |
20200616223715.0 |
| 008 - ფიქსირებული სიგრძის მონაცემთა ელემენტები - ზოგადი ინფორმაცია |
| ფიქსირებული სიგრძის საკონტროლო ველი |
181216s2016||||ge |||||||||||||| ||geo|| |
| 020 ## - წიგნის საერთაშორისო სტანდარტული ნომერი |
| International Standard Book Number |
9789941462450 |
| 040 ## - კატალოგიზაციის წყარო |
| Transcribing agency |
GE_BSU |
| 041 ## - ენის კოდი |
| Language code of text/sound track or separate title |
geo |
| 080 ## - უნივერსალური ათობითი კლასიფიკაციის ინდექსი |
| Universal Decimal Classification number |
821.353.1.092 რ-93 |
| 245 ## - ცნობა სათაურის შესახებ |
| Title |
რუსთაველი და "ოქროს ხანის" საქართველო : |
| Remainder of title |
კრებული / |
| Statement of responsibility, etc |
მთ. რედ. ბიჭიკო დიასამიძე. |
| 264 ## - წარმოების, გამოცემის, დისტრიბუციის და სხვა ცნობები |
| გამოცემის, წარმოების, დისტრიბუციის... ადგილი |
ბათუმი : |
| გამოცემის, წარმოების, დისტრიბუციის... სახელწოდება |
ბათუმის შოთა რუსთაველის სახელმწიფო უნივერსიტეტი, |
| გამოცემის, წარმოების, დისტრიბუციის... თარიღი |
2016. |
| 300 ## - ფიზიკური აღწერა |
| Extent |
117 გვ. ; |
| Dimensions |
21 სმ. |
| 500 ## - ზოგადი შენიშვნა |
| General note |
შოთა რუსთაველის დაბადებიდან 850 წლისთავისადმი მიძღვნილი პროფესორ-მასწავლებელთა სამეცნიერო კონფერენციის მასალები |
| 520 ## - SUMMARY, ETC. |
| Summary, etc |
შოთა რუსთავ. დაბადებიდან 850 წლისთავისადმი მიძღვნ. პროფესორ-მასწავლ. სამეცნიერო კონფერენც. მასალები |
| 653 ## - INDEX TERM--UNCONTROLLED |
| Uncontrolled term |
რუსთაველი და "ოქროს ხანის" საქართველო |
| 700 ## - ADDED ENTRY--PERSONAL NAME |
| Personal name |
დიასამიძე, ბიჭიკო |
| Relator term |
მთავარი რედაქტორი |
| 9 (RLIN) |
8435 |
| 710 ## - ADDED ENTRY--CORPORATE NAME |
| Corporate name or jurisdiction name as entry element |
ბათუმის შოთა რუსთაველის სახელმწიფო უნივერსიტეტი |
| Subordinate unit |
ნიკო ბერძენიშვილის ინსტიტუტი |
| 9 (RLIN) |
8436 |
| 942 ## - ADDED ENTRY ELEMENTS (KOHA) |
| Koha item type |
წიგნი |
| Source of classification or shelving scheme |
|